000
00254nam a2200097Ia 4500
001
1250449
005
20251031150856.0
008
251031s9999 xx 000 0 und d
245
0
_c
NICHOLAS CANNON
_a
G-2 DÜNYANIN SONUNA YOLCULUK
260
_b
CAN YAYINLARI
999
_c
1250449
_d
1250449